Normal view
MARC view
Entry Topical Term
001 - CONTROL NUMBER
- control field: 45266
003 - CONTROL NUMBER IDENTIFIER
- control field: ARRUPE
005 - DATE AND TIME OF LATEST TRANSACTION
- control field: 20190319085948.0
008 - FIXED-LENGTH DATA ELEMENTS
- fixed length control field: 190319|| aca||aabn | a|a d
040 ## - CATALOGING SOURCE
- Original cataloging agency: ARRUPE
- Transcribing agency: ARRUPE
150 ## - HEADING--TOPICAL TERM
- Topical term or geographic name as entry element:
- Topical term following geographic name as entry element: Bible. O.T. Prophets
- General subdivision: Theology
670 ## - SOURCE DATA FOUND
- Source citation: Work cat.: (ARRUPE)22863: Van Oostrom, E 45265, The Message of the Prophets II